000 00489nam a2200193Ia 4500
003 GCL
008 140319s9999 xx 000 0 eng d
040 _aGCL /
_cGCL
082 0 4 _aCH
_b372.216
_bS B
100 1 _aSCARRY, RICHARD
245 1 0 _aBEST WORDS BOOK EVER /
_cSCARRY, RICHARD
260 _a[S.N] :
_bHAMLYN ،
_c1989
300 _a91 PP
650 0 4 _aFOREIGN SPEAKERS
650 0 4 _aSTUDY AND TEACHING
650 0 4 _aCHILDREN
650 0 4 _aENGLISH LANGUAGE
942 _2ddc
_cBK
999 _c18002
_d18002